000
00263nam a2200109Ia 4500
005
20251222114352.0
008
251222s1900||||xx |||||||||||||| ||spa||
082
_a
DVD0080/B81/1989
245
0
_a
Enrique V
264
_b
British Broadcasting Corporation
942
_c
DVD
999
_c
1264
_d
1264